Catholic University of Zimbabwe Library
Online Public Access Catalogue
(OPAC)

Lord of the flies. (Record no. 2281)

MARC details
000 -LEADER
fixed length control field 00578nam a22002052 4500
001 - CONTROL NUMBER
control field 0000002391
005 - DATE AND TIME OF LATEST TRANSACTION
control field 20170406114205.0
008 - FIXED-LENGTH DATA ELEMENTS--GENERAL INFORMATION
fixed length control field 140310s xx 000 0 eng d
020 ## - INTERNATIONAL STANDARD BOOK NUMBER
International Standard Book Number 8174762736 :
Terms of availability $
040 ## - CATALOGING SOURCE
Original cataloging agency Your Holding Symbol
Transcribing agency Your Holding Symbol
100 1# - MAIN ENTRY--PERSONAL NAME
Personal name Golding, William.
245 10 - TITLE STATEMENT
Title Lord of the flies.
250 ## - EDITION STATEMENT
Edition statement ed.
260 ## - PUBLICATION, DISTRIBUTION, ETC.
Place of publication, distribution, etc. Mauritius :
Name of publisher, distributor, etc. Editions Le Printemps Ltee.
300 ## - PHYSICAL DESCRIPTION
Extent p. ;
Dimensions cm.
591 ## -
-- 2014
-- Books
650 #0 - SUBJECT ADDED ENTRY--TOPICAL TERM
Topical term or geographic name entry element American literature.
650 #0 - SUBJECT ADDED ENTRY--TOPICAL TERM
Topical term or geographic name entry element Boys in literature.
908 ## - PUT COMMAND PARAMETER (RLIN)
Put command parameter 140310
Holdings
Withdrawn status Lost status Source of classification or shelving scheme Damaged status Not for loan Home library Current library Shelving location Date acquired Total Checkouts Full call number Barcode Date last seen Date last checked out Copy number Price effective from Koha item type
          CUZ Harare Campus CUZ Harare Campus Open Shelf 06.04.2017 6 PR 6013 .O35 L62 BK0002826 22.05.2025 16.12.2019 CU12717 06.04.2017 OS Book

OPENING HOURS

Weekdays: 0815hrs - 1800hrs
Weekends:0900hrs - 1200hrs

Closed for Mass:

Mon, Thur: 1200hrs - 1300hrs
Sunday & Public Holiday’s

CALL SUPPORT

0242-570570, 0242-570169
09200664, +263 8644140602

LOCATION

18443, Cranborne Avenue, Hatfield, Harare

Other Links


©2021 | CUZ Library